Регионална библиотека "Любен Каравелов" - Русе

Екипът (Запис номер 106158)

MARC детайли
000 -Лидер
Контролно поле с фиксирана дължина 01743nam a2200349 c 4500
003 - Код на организацията, давaща контролен номер
Контролно поле BLK
005 - Дата и час на последна редакция
Контролно поле 20180422105714.0
008 - Елементи от данни с фиксирана дължина
fixed length control field 180409b bul|||||r ||||||| ||bul||
010 ## - Наследен системен номер
LC control number KNG00111411000
020 ## - Международен стандартен номер на книга ISBN
Международен стандартен номер на книга ISBN 954-729-184-Х
-- издат.: Атика
040 ## - Източник на каталожния запис
Идентификатор на билиотеката - собственик на записа BLK
041 ## - Код за език
Код за езика на текст/звукозапис или на отделно заглавие Български
Код за езика КДБФ Български
080 ## - УДК
Текстов определител УДК Американска литература (на САЩ)
УДК код - определител по УДК 821.111(73)
УДК определител -94
УДК - код + определител 821.111(73)-94
080 ## - УДК
Текстов определител УДК Органи на обществения ред. Полиция. Обществена власт. Доброволни отреди. Държавна сигурност. Милиция. Дейност на полицията по вътрешно разузнаване
УДК код - определител по УДК 351.74
УДК определител (73)(093.3)
УДК - код + определител 351.74(73)(093.3)
080 ## - УДК
Текстов определител УДК Политическо преследване. Терористични действия. Тероризъм - Атентати, политически убийства. Вж и 343.1 ; 343.3/.7
УДК код - определител по УДК 323.28
УДК определител (093.3)
УДК - код + определител 323.28(093.3)
100 1# - Редна дума - Автор
Автор Уиткъм, Кристофър
Авторска отговорност първи автор
R(LIN) 132784
139 ## - Редно поле
Редна дума Уиткъм, Кристофър
Авторски знак Уит - У 43
245 10 - Сведения за заглавието
Заглавие Екипът
Подзаглавни данни ФБР отвътре
Редно поле (дума) Кристофър Уиткъм; прев. от англ. Елисавета Маринкева.
257 ## - Страна на издаване
Страна на създаване/издаване Съединени американски щати
260 ## - Област на издателските данни
-- София
Име на издателя, разпространителя и проч. Атика
Година на издаване 2004
300 ## - Физическа характеристика
Страници 376 с.
Размери/Мащаб 20 см
380 ## - Жанр
Жанр Худож. лит.
490 1# - СЕРИИ (Колекции)
Име на серия Досие
500 ## - Общи забележки
Забележка Ориг. загл. Cold Zero / Christopher Whitcomb. - Офс. изд.
653 ## - Ключова дума – ненормативна
Ключова дума ФБР
700 1# - Други автори (авторска отговорност)
Лично име Маринкева, Елисавета
Автороска отговорност (Описва отношението между автора и произведението) прев. от англ.
9 (RLIN) 374822
852 ## - Местоположение
Форматна сигнатура Цб 218323
856 4# - Електронен адрес и достъп
Електронен формат pdf - файл
Път до файла /url/
856 4# - Електронен адрес и достъп
Електронен формат pdf - файл
Път до файла /url/
942 ## - АРТИКУЛИ
Вид на библиотечния материал Книги
Скрит в OPAC Не
944 ## - СЪЗДАВАНЕ И РЕДАКЦИЯ на ЗАПИСА
Създаване/Редакция Създаване
Дата на регистрацията/редакция 02.03.2004
Служител, извършил регистрацията/редакцията Цветанка_Енчева
944 ## - СЪЗДАВАНЕ И РЕДАКЦИЯ на ЗАПИСА
Създаване/Редакция Редакция
Дата на регистрацията/редакция 07.10.2005
Служител, извършил регистрацията/редакцията
999 ## - СИСТЕМНИ КОНТРОЛНИ НОМЕРА
Koha biblionumber 106158
Koha biblioitemnumber 106158
Наличности
Код за отписване Код за изгубен артикул Източник на класификационната схема Код за повреда Коз за рестрикции Код за отдаване Артикулен № Име на библиотеката - собственик Име на библиотеката, в която се намира в момента Статус (Текущо местоположение) Дата на вписване в системата Местоположение - отдел Цена в лева Инвентарен номер Систематично азбучна сигнатура Баркод Номер на екземпляра Цена в евро Служебна бележка Служебен тип на артикула
Изтеглен Не е изгубен Universal Decimal Classification Не е повреден без рестрикции заемане за дома 171297 Регионална библиотека "Любен Каравелов" Русе Регионална библиотека "Любен Каравелов" Русе Заемна - подръчен фонд 2004-03-02 Заемна - подръчен фонд 8.49 120000683207 П 820(73)-9/У 43 120000683207 1 4.34 Дост: Pk Вид: Ф N: 5 Дата: 01.03.2004 Книги
  Не е изгубен   Не е повреден без рестрикции ползва се в читалня 171298 Регионална библиотека "Любен Каравелов" Русе Регионална библиотека "Любен Каравелов" Русе Хранилище 2005-09-20 Хранилище 8.49 120000696771 Цб 218323 120000696771 2 4.34 Дост: Dp Вид: Д N: 37 Дата: 01.09.2004 Книги
Vip Innovations Ltd, Rousse, Bulgaria 2025